| 000 | 00527nam a2200205Ia 4500 | ||
|---|---|---|---|
| 005 | 20230826123135.0 | ||
| 008 | 131103s9999 xx 000 0 und d | ||
| 040 | _aLoreto College | ||
| 041 | _aEnglish | ||
| 082 |
_a227 _bKNO |
||
| 100 | _aKnox, Ronald A. | ||
| 245 | 2 |
_aA New Testament Commentary _b for english readers _cRonald A.Knox |
|
| 260 |
_aLondon _bBurans oates _c1954 |
||
| 300 | _axi,322p. | ||
| 504 | _aIncludes index | ||
| 650 | _aChristianity | ||
| 651 | _aEpistles | ||
| 850 | _aLCLIB | ||
| 942 | _cBK | ||
| 999 |
_c25724 _d76203 |
||